000 00920nam a2200265 i 4500
001 135498
003 ES-MaACL
005 20250820122242.0
007 t|
008 070719s1980 sp ||||1| spa d
020 _a84-300-2160-4
080 _a929 Vega, José de la : 336.76(043.2)
080 _a336.76(100)"16"(043.2)
100 1 _aTorrente Fortuño, José Antonio.
_9110853
245 1 3 _aLa Bolsa en José de la Vega
_b: Confusión de confusiones, Amsterdam, 1688 /
_cJosé Antonio Torrente Fortuño.
260 _aMadrid :
_bColegio de Agentes de Cambio y Bolsa,
_c1980.
300 _a323 p. :
_bil. ;
_c25 cm.
500 _aÍndices.
504 _aBibliografía: p. [287]-301.
600 1 4 _aVega, Joseph de la,
_d1650-1692
_9171197
650 _aBolsas de valores.
_910603
710 2 _aColegio de Agentes de Cambio y Bolsa (Madrid)
_92897
852 _aES-MaACL
_jL-8677
999 _c135498
_d135498